000 00951nam a2200265 i 4500
001 38066
003 ES-MaACL
005 20250824230753.0
007 t|
008 030224s1951 sp |||| | spa d
080 _a248.212(02)"13"
080 _a265(02)"13"
100 1 _aCabasilas, Nicolás.
_933164
245 1 3 _aLa vida en Cristo /
_cNicolás Cabasilas ; [traducción directa del texto griego y] estudio preliminar de L. Gutiérrez-Vega y Buenaventura García Rodríguez.
260 _aMadrid :
_bRialp,
_c1951.
300 _a287 p. ;
_c17 cm.
490 1 _aPatmos.
_aLibros de espiritualidad ;
_v7
650 _aUnión mística.
_9158577
650 4 _aSacramentos-
_xIglesia Ortodoxa-
_vObras anteriores a 1800.
_9162550
700 1 _aGutiérrez Vega, Lucas.
_9162551
700 1 _aGarcía Rodríguez, Buenaventura.
_955196
830 0 0 _aPatmos (Rialp)
_v7
_9181154
852 _aES-MaACL
_jD-5702
999 _c38066
_d38066